[Event "Smith & Williamson YM-B 11th"]
[Site "Witley"]
[Date "2001.07.19"]
[Round "7"]
[White "Bareham, David C"]
[Black "Mooring, Ross AC"]
[Result "1/2-1/2"]
[WhiteElo "1720"]
[BlackElo "2053"]
[PlyCount "59"]
[EventDate "2001.07.13"]
[EventType "swiss"]
[EventRounds "11"]
[EventCountry "ENG"]
[SourceTitle "EXT 2005"]
[Source "ChessBase"]
[SourceDate "2004.11.15"]
[SourceVersion "1"]
[SourceVersionDate "2004.11.15"]
[SourceQuality "1"]

1. e4 e6 2. d4 d5 3. exd5 exd5 4. Nf3 Bd6 5. c4 Nf6 6. Bg5 0-0 7. Bxf6 Qxf6 8. cxd5 Bg4 9. Be2 Nd7 10. 0-0 Nb6 11. Nc3 Rfe8 12. Qd3 Rad8 13. Rad1 Bf5 14. Qd2 Bg4 15. h3 Bf4 16. Qc2 Bf5 17. Bd3 Bxd3 18. Rxd3 Qf5 19. Rfd1 Re7 20. Kf1 Nxd5 21. Nxd5 Qxd5 22. Qb3 Red7 23. Qxd5 Rxd5 24. g3 Bd6 25. Ke2 f6 26. a3 a5 27. R1d2 Bf8 28. Rb3 b6 29. Rc3 R8d7 30. Rc6 1/2-1/2

[Event "Smith & Williamson YM-B 11th"]
[Site "Witley"]
[Date "2001.07.19"]
[Round "8"]
[White "Mooring, Ross AC"]
[Black "Lutton, Josiah Ezra"]
[Result "1/2-1/2"]
[WhiteElo "2053"]
[BlackElo "2093"]
[PlyCount "37"]
[EventDate "2001.07.13"]
[EventType "swiss"]
[EventRounds "11"]
[EventCountry "ENG"]
[SourceTitle "EXT 2005"]
[Source "ChessBase"]
[SourceDate "2004.11.15"]
[SourceVersion "1"]
[SourceVersionDate "2004.11.15"]
[SourceQuality "1"]

1. e4 e6 2. d4 d5 3. Nd2 Nf6 4. e5 Nfd7 5. Bd3 c5 6. c3 Nc6 7. Ne2 f6 8. exf6 Qxf6 9. Nf3 Bd6 10. 0-0 cxd4 11. cxd4 Nb6 12. Ng3 Bd7 13. a3 h6 14. Nh5 Qf7 15. Nh4 Ne7 16. Qf3 Qxf3 17. Nxf3 g6 18. Bf4 Bxf4 19. Nxf4 1/2-1/2

[Event "Smith & Williamson YM-B 11th"]
[Site "Witley"]
[Date "2001.07.18"]
[Round "6"]
[White "Mooring, Ross AC"]
[Black "Khoo, Teresa"]
[Result "1/2-1/2"]
[WhiteElo "2053"]
[BlackElo "1688"]
[PlyCount "62"]
[EventDate "2001.07.13"]
[EventType "swiss"]
[EventRounds "11"]
[EventCountry "ENG"]
[SourceTitle "EXT 2005"]
[Source "ChessBase"]
[SourceDate "2004.11.15"]
[SourceVersion "1"]
[SourceVersionDate "2004.11.15"]
[SourceQuality "1"]

1. e4 c5 2. Nc3 Nc6 3. g3 g6 4. Bg2 Bg7 5. Nge2 e6 6. d3 Nge7 7. Be3 d6 8. Qd2 Nd4 9. Nd1 Nec6 10. Nc1 Qf6 11. f4 Bd7 12. c3 Nb5 13. Ne2 0-0 14. Nf2 e5 15. 0-0 Qe7 16. Rae1 Rae8 17. Kh1 b6 18. f5 Nd8 19. g4 f6 20. h4 gxf5 21. gxf5 d5 22. Bf3 d4 23. Bh6 Bxh6 24. Qxh6 Kh8 25. Bh5 Nf7 26. Bxf7 Rxf7 27. Rg1 Qf8 28. Qh5 Ree7 29. Rg3 Rg7 30. Reg1 Rxg3 31. Rxg3 Be8 1/2-1/2

[Event "Smith & Williamson YM-B 11th"]
[Site "Witley"]
[Date "2001.07.18"]
[Round "5"]
[White "Payne, Robert1111"]
[Black "Mooring, Ross AC"]
[Result "1/2-1/2"]
[WhiteElo "1688"]
[BlackElo "2053"]
[PlyCount "43"]
[EventDate "2001.07.13"]
[EventType "swiss"]
[EventRounds "11"]
[EventCountry "ENG"]
[SourceTitle "EXT 2005"]
[Source "ChessBase"]
[SourceDate "2004.11.15"]
[SourceVersion "1"]
[SourceVersionDate "2004.11.15"]
[SourceQuality "1"]

1. d4 e6 2. Nf3 Nf6 3. e3 b6 4. Bd3 Bb7 5. b3 d5 6. Bb2 Nbd7 7. 0-0 g6 8. Nbd2 Bg7 9. c4 0-0 10. Ne5 Nxe5 11. dxe5 Nd7 12. f4 Nc5 13. Bc2 f5 14. b4 Na6 15. a3 c5 16. b5 Nc7 17. a4 a5 18. Qe2 Qe7 19. Rad1 Rad8 20. Bb3 Rd7 21. h3 h5 22. g3 1/2-1/2